000
00323nam a2200133Ia 4500
008
191201s2013 xx 000 0 und d
100
_a
SHARMA, sanjay
245
0
_a
Microelectronics Analog and Digital
250
_a
1st
260
_a
N. delhi
_b
S.K.Kataria
_c
2013
300
_a
724
650
_a
B.Tech(ECE)
942
_2
ddc
_c
BK
999
_c
108
_d
108